000 00307nam a2200085Ia 4500
245 0 _aBush War the road to Cuito Cuanavale : Soviet soldiers' accounts of the Angolan war
100 _a TOKAREV, Andrei Auckland Park, South Africa, 2012
_964617
942 _cBK
008 210817s9999 xx 000 0 und d
999 _c328414
_d328413